| 000 | 00815nam a22001577a 4500 | ||
|---|---|---|---|
| 005 | 20260701160047.0 | ||
| 020 | _a9798892791946 | ||
| 082 | _a658.409HBR | ||
| 100 | _aHarvard Business Review. | ||
| 245 |
_aHBR's 10 Must Reads 2026 _bThe Definitive Management Ideas of the Year from Harvard Business Review |
||
| 260 |
_aHBR _bHarvard Business Review Press, _c2025 |
||
| 300 |
_a208P. _b23 cm |
||
| 520 | _aThis book will inspire you to eliminate dysfunction in your leadership team; apply the right kinds of questions to strategic decisions; bring everyone on board with your AI efforts; design innovative products that grow with your customers; better assess what macroeconomic risk means for your business; and build a corporate culture that truly aligns with your values. | ||
| 650 | _aLeadership | ||
| 942 | _cBK | ||
| 999 |
_c11544 _d11544 |
||